Visualizzazione normale
Vista MARC
- Gershwin George
di Personal Name
Records bibliografici associati: 1
001 - CONTROL NUMBER
- control field: 23027
003 - CONTROL NUMBER IDENTIFIER
- control field: IT-RoPau
005 - DATE AND TIME OF LATEST TRANSACTION
- control field: 20140430094407.0
008 - FIXED-LENGTH DATA ELEMENTS
- fixed length control field: 140430|| aca||aabn | a|a d
040 ## - CATALOGING SOURCE
- Original cataloging agency: IT-RoPau
- Transcribing agency: IT-RoPau
100 ## - HEADING--PERSONAL NAME
- Personal name: Gershwin George
- Miscellaneous information: Codice interprete SPICS: 10668
- Relator term: Interprete
670 ## - SOURCE DATA FOUND
- Source citation: Work cat.: (IT-RoPau)103524: Gershwin George 5625, Porgy and Bess-Gershwin (Invito alla musica)